Equipos de fútbol de Argentina - Estadísticas

Estadísticas generales
  • Esta prueba ha sido intentada 9.605 veces
    3.085 desde el último reinicio
  • La puntuación promedio es 63 de 165
Estadísticas de respuestas
Club % Correcto
Primera Division Boca Juniors
99%
Primera Division River Plate
98%
Primera Division Racing
87%
Primera Nacional Racing de Córdoba
87%
Primera Division Independiente
86%
Federal A Independiente (Chivilcoy)
86%
Primera Division Independiente Rivadavia de Mendoza
86%
Primera C Metropolitana Central Ballester
81%
Primera Division Central Córdoba
81%
Primera C Metropolitana Central Córdoba de Rosario
81%
Federal A Central Norte (Salta)
81%
Primera Nacional Estudiantes de Buenos Aires
81%
Primera Division Estudiantes de La Plata
81%
Primera Nacional Estudiantes de Rio Cuarto
81%
Federal A Estudiantes (San Luis)
81%
Primera Division Rosario Central
81%
Primera Division San Lorenzo
78%
Primera Division Newells
77%
Primera Division Talleres
73%
Primera B Metropolitana Argentino de Merlo
72%
Primera B Metropolitana Argentino de Quilmes
72%
Federal A Argentino (Monte Maiz)
72%
Primera Nacional Talleres de Remedios de Escalada
72%
Primera Division Velez
72%
Federal A Gimnasia (Concepcion del Uruguay)
71%
Primera Nacional Gimnasia de Jujuy
71%
Primera Division Gimnasia de la Plata
71%
Primera Nacional Gimnasia de Mendoza
71%
Primera Nacional Gimnasia y Tiro
71%
Primera Division Huracán
70%
Federal A Huracan (Las Heras)
70%
Promocional Amateur Atlético Pilar
66%
Primera Division Belgrano
66%
Primera Division Lanus
66%
Primera Nacional Atlético Rafaela
65%
Primera Division Banfield
64%
Primera Nacional Aldosivi
63%
Primera Division Platense
63%
Primera Division Argentinos Juniors
62%
Primera C Metropolitana Sportivo Barracas
60%
Primera Division Unión
59%
Federal A Union (Sunchales)
59%
Primera Nacional Colon
58%
Primera Division Defensa y Justicia
58%
Primera B Metropolitana San Martín de Burzaco
57%
Primera Nacional San Martín de San Juan
57%
Primera Nacional San Martín de Tucuman
57%
Federal A San Martin (Formosa)
57%
Federal A San Martin (Mendoza)
57%
Primera Division Godoy Cruz
56%
Primera Division Tigre
56%
Primera Division Deportivo Riestra
54%
Primera Nacional Chacarita Juniors
53%
Primera Division Sarmiento
53%
Federal A Sarmiento (La Banda)
53%
Federal A Sarmiento (Resistencia)
53%
Primera Division Instituto
51%
Primera B Metropolitana Ferrocarril Midland
50%
Primera Nacional Ferro Carril Oeste
50%
Federal A Ferro (General Pico)
50%
Primera Nacional Arsenal
49%
Primera Division Atlético Tucuman
49%
Primera Nacional Quilmes
49%
Primera Nacional Guillermo Brown de Puerto Madryn
44%
Primera Nacional Atlanta
42%
Primera Division Barracas Central
40%
Primera Nacional Nueva Chicago
40%
Primera Nacional All Boys
39%
Primera Nacional Almirante Brown
38%
Primera Nacional Patronato
36%
Primera Nacional Temperley
35%
Primera Nacional Almagro
33%
Primera Nacional Defensores de Belgrano
33%
Primera C Metropolitana Defensores de Cambaceres
33%
Federal A Defensores (Pronunciamiento)
33%
Primera Nacional Defensores Unidos
33%
Federal A Defensores (Villa Ramallo)
33%
Federal A Boca Unidos
32%
Primera Nacional Deportivo Morón
32%
Federal A Olimpo (Bahia Blanca)
32%
Primera B Metropolitana Sacachispas
32%
Primera B Metropolitana Sportivo Italiano
32%
Primera Nacional Alvarado
31%
Primera Nacional Brown de Adrogue
29%
Primera Nacional Chaco For Ever
28%
Primera Nacional San Telmo
28%
Primera B Metropolitana Colegiales
27%
Primera B Metropolitana Deportivo Merlo
27%
Primera B Metropolitana Los Andes
27%
Primera Nacional Agropecuario
26%
Federal A | Promocional Amateur Camioneros
26%
Primera Nacional Deportivo Madryn
26%
Primera B Metropolitana Excursionistas
26%
Primera Nacional San Miguel
26%
Primera C Metropolitana Deportivo Español
25%
Primera B Metropolitana Comunicaciones
23%
Federal A Crucero del Norte (Misiones)
23%
Primera B Metropolitana Deportivo Armenio
23%
Primera Nacional Deportivo Maipu
22%
Primera Nacional Güemes de Santiago del Estero
22%
Primera Nacional Mitre
22%
Primera B Metropolitana Villa Dálmine
22%
Primera C Metropolitana Yupanqui
22%
Primera B Metropolitana Flandria
21%
Primera Nacional Tristán Suárez
21%
Primera C Metropolitana Berazategui
20%
Primera B Metropolitana Deportivo Laferrere
20%
Primera B Metropolitana Dock Sud
20%
Primera C Metropolitana J.J. Urquiza
20%
Primera C Metropolitana Real Pilar
20%
Primera B Metropolitana U.A.I. Urquiza
20%
Primera B Metropolitana Acassuso
19%
Primera C Metropolitana Atlas
19%
Primera B Metropolitana Liniers
18%
Federal A Villa Mitre (Bahia Blanca)
18%
Federal A Douglas Haig
17%
Primera C Metropolitana Ituzaingó
17%
Federal A Ciudad Bolivar
16%
Primera B Metropolitana Fénix
16%
Primera C Metropolitana Juventud Unida de San Miguel
16%
Federal A Juventud Unida (San Luis)
16%
Primera C Metropolitana Luján
16%
Primera B Metropolitana Villa San Carlos
16%
Primera C Metropolitana Claypole
15%
Primera C Metropolitana El Porvenir
15%
Federal A Juventud Antoniana
15%
Federal A Kimberley (Mar del Plata)
15%
Federal A Sol de Mayo (Viedma)
15%
Primera B Metropolitana Cañuelas
14%
Federal A Cipolletti
14%
Primera C Metropolitana Deportivo Paraguayo
14%
Promocional Amateur Social Atlético Televisión
14%
Federal A Santamarina (Tandil)
13%
Federal A 9 de Julio (Rafaela)
12%
Primera C Metropolitana Leandro N. Alem
12%
Primera C Metropolitana Lugano
12%
Promocional Amateur Estrella de Berisso
11%
Promocional Amateur Estrella del Sur
11%
Primera C Metropolitana General Lamadrid
11%
Primera C Metropolitana Muñiz
11%
Primera C Metropolitana Mercedes
10%
Promocional Amateur Náutico Hacoaj
10%
Primera C Metropolitana Puerto Nuevo
10%
Primera C Metropolitana Victoriano Arenas
10%
Federal A Atenas (Rio Cuarto)
9%
Primera C Metropolitana Centro Español
9%
Promocional Amateur Ezeiza
9%
Federal A Germinal (Rawson)
9%
Federal A Sol de America (Formosa)
9%
Federal A Sportivo Belgrano (San Francisco)
9%
Federal A Sportivo Las Parejas
9%
Federal A Circulo Deportivo (Otamendi)
8%
Promocional Amateur Deportivo Metalúrgico
8%
Federal A Gutierrez (Mendoza)
8%
Federal A Sansinena (General Daniel Cerri)
8%
Federal A El Linqueño
7%
Promocional Amateur Everton (LP)
7%
Primera C Metropolitana Argentino de Rosario
6%
Federal A Deportivo Rincon
6%
Promocional Amateur Juventud de Bernal
6%
Promocional Amateur Deportivo Provincial Lobos
4%
Promocional Amateur Barrancas FC
3%
Promocional Amateur Atlético Belgrano
2%
Promocional Amateur Atlético Defensores de Glew
2%
No se encontraron pruebas coincidentes
Distribución de puntuación
Porcentaje de gente con cada puntuación
Porcentaje por número respondido
Historial de tus puntuaciones
No has intentado esta prueba desde el último reinicio